Statistics for Former Country Names

Click here to take the quiz!

General Stats

  • This quiz has been taken 251 times
  • The average score is 11 of 15

Answer Stats

HintAnswer% Correct
PersiaIran
96%
BurmaMyanmar
94%
TogolandTogo
90%
SiamThailand
86%
MesopotamiaIraq
85%
HispaniaSpain
85%
CeylonSri Lanka
81%
Southern RhodesiaZimbabwe
81%
French IndochinaVietnam
80%
ZaireDemocratic Republic of the Congo
73%
KampucheaCambodia
70%
AbyssiniaEthiopia
70%
BhārataIndia
45%
DahomeyBenin
41%
Nyasalandmalawi
34%

Score Distribution

Percentile by Number Answered

Percent of People with Each Score

Your Score History

You have not taken this quiz